000 00587nam a22001457a 4500
020 _a0-439-25330-6
082 _a823
_bROD/D
100 _aRODDA, EMILY
245 _aDELTORA QUEST
_bRETURN TO DEL
260 _aNEW YORK
_bSCHOLASTIC INC
_c2000
300 _a136
520 _aReturn to Del is the eighth and final book of the original series of Deltora Quest written by Emily Rodda. It focuses on how Lief, Jasmine, and Barda must return to Del to give the completed Belt to Adin's heir to banish the Shadow Lord from their land.
650 _aADVENTURE STORY
_zUNITED STATES
942 _cBK
999 _c6021
_d6021